00289nam a22001337a 4500003000400000005001700004008004100021040000600062082001200068100000600080245002800086260002800114300001300142dpl20230828123513.0230828b |||||||| |||| 00| 0 eng d c- a621-MSW a- aM.S. Word 2016hEnglish aA.I.C.B.bDelhicRohini a12x13f1